| 000 | 04187cam a22007334i 4500 | ||
|---|---|---|---|
| 003 | PE-LiUPU | ||
| 005 | 20250731170429.0 | ||
| 008 | 150706s2000 mx rb 000 0 spa d | ||
| 020 | _a9701028821 | ||
| 020 | _a9789701028827 | ||
| 035 | _a(Sirsi) i9789701028827 | ||
| 040 |
_aPE-LiUPU _bspa _cPE-LiUPU _dPE-LiUPU _erda |
||
| 049 | _aPRUA | ||
| 082 | 0 | 4 |
_a174.2 _bR94 _221 |
| 100 | 1 |
_aRumbold, Graham, _eautor. |
|
| 245 | 1 | 0 |
_aÉtica en enfermería / _cGraham Rumbold ; tr. Ma. Teresa Aguilar. |
| 250 | _a3a edición. | ||
| 264 | 1 |
_aMéxico : _bMcGraw-Hill Interamericana Editores, _c2000. |
|
| 300 |
_a231 páginas ; _c21 centímetros |
||
| 336 |
_atext _2rdacontent |
||
| 337 |
_aunmediated _2rdamedia |
||
| 338 |
_avolume _2rdacarrier |
||
| 504 | _aIncluye bibliografía. | ||
| 505 | 0 | _aQue es etica en enfermería? -- Que es lo correcto? -- Influencias culturales en la toma de decisiones éticas -- Comparación del concepto de que la vida es sagrada con el de calidad de vida -- Para el bien de quíen? -- Deberes, derechos y responsabilidades -- La muerte y el proceso de morir -- El niño por nacer -- Los hospitales no deben causard año alguno a los pacientes -- Confidenciabilidad -- Debe revelarse o no revelarse la verdad -- La relación entre la enfermera y el médico -- Qué es lo justo? -- Hacer el bien, no causar daño y la autonomía -- El paciente vulnerable -- Los derechos de la enfermera. | |
| 526 | _aSEG68 | ||
| 526 | _aSEG70 | ||
| 526 | _aSEG69 | ||
| 526 | _aSEG67 | ||
| 526 | _aSEG43 | ||
| 526 | _aP144 | ||
| 526 | _aP143 | ||
| 526 | _aP131 | ||
| 526 | _aP122 | ||
| 526 | _aP120 | ||
| 526 | _aP117 | ||
| 526 | _aP112 | ||
| 526 | _aP110 | ||
| 526 | _aP106 | ||
| 526 | _aP101 | ||
| 526 | _aP80 | ||
| 526 | _aP59 | ||
| 526 | _aP54 | ||
| 526 | _aP35 | ||
| 526 | _aP33 | ||
| 526 | _aP30 | ||
| 650 | 0 | 4 |
_aEnfermería _xAspectos morales y éticos. |
| 650 | 0 | 4 |
_aEnfermería _xEtica. |
| 650 | 0 | 4 | _aEtica médica. |
| 942 |
_2ddc _cBOOK |
||
| 949 |
_a174.2 R94 _wDEWEY _c1 _i50620 _d2016-9-15 _e2016-9-5 _lCCODEBUL1 _mBUL _n4 _p7.72 _r0 _sY _tBOOK _u2015-6-24 _xSALUD _PP22 _0COMPRA _o.CIRCNOTE. No olvidar cambiar la fecha de devolución!!!!!!! _o.STAFF. Colección Ciencias de la Salud |
||
| 949 |
_a174.2 R94 _wDEWEY _c2 _i50464 _d2016-4-4 _e2016-4-1 _lCCODEBUL1 _mBUL _n3 _p7.72 _r0 _sY _tBOOK _u2015-6-24 _xSALUD _PP22 _0COMPRA _o.CIRCNOTE. No olvidar cambiar la fecha de devolución!!!!!!! _o.STAFF. Colección Ciencias de la Salud |
||
| 949 |
_aPGS 174.2 R94 _wDEWEY _c1 _i56817 _d2016-4-18 _e2016-4-14 _lCCODEBUL1 _mBUL _n1 _p20.00 _r0 _sY _tBOOK _u2015-7-6 _xSALUD _PP82 _0COMPRA _o.CIRCNOTE. No olvidar cambiar la fecha de devolución!!!!!!! _o.STAFF. Colección Ciencias de la Salud |
||
| 949 |
_a610.69 R95 2004 _wDEWEY _c1 _iFJ06108 _lCCODEBUJ1 _mBUJ _p10.00 _r0 _sY _tBOOK _u2017-04-11 _xSALUD _PP22 _0COMPRA _o.STAFF -- Colección General Juliaca |
||
| 994 |
_aC0 _bPEPRU |
||
| 596 | _a1 3 | ||
| 999 |
_a174.2 R94 _wDEWEY _c32284 _i50620 _d32284 _e2016-9-5 _f2021-11-3 _g5 _lCCODEBUL1 _mBUL _n4 _p20.00 _r0 _sY _tBOOK _u2015-6-24 _xSALUD _zP22 _0COMPRA _o.CIRCNOTE. No olvidar cambiar la fecha de devolución!!!!!!! _o.STAFF. Colección Ciencias de la Salud |
||
| 999 |
_a174.2 R94 _wDEWEY _c2 _i50464 _d2016-4-4 _e2016-4-1 _f2021-11-3 _g5 _lCCODEBUL1 _mBUL _n3 _p20.00 _r0 _sY _tBOOK _u2015-6-24 _xSALUD _zP22 _0COMPRA _o.CIRCNOTE. No olvidar cambiar la fecha de devolución!!!!!!! _o.STAFF. Colección Ciencias de la Salud |
||
| 999 |
_aPGS 174.2 R94 _wDEWEY _c1 _i56817 _d2016-4-18 _e2016-4-14 _f2021-11-3 _g5 _lCCODEBUL1 _mBUL _n1 _p20.00 _r0 _sY _tBOOK _u2015-7-6 _xSALUD _zP82 _0COMPRA _o.CIRCNOTE. No olvidar cambiar la fecha de devolución!!!!!!! _o.STAFF. Colección Ciencias de la Salud |
||
| 999 |
_a610.69 R95 2004 _wDEWEY _c1 _iFJ06108 _d2019-4-10 _e2018-5-3 _f2022-1-25 _g3 _lCCODEBUJ1 _mBUJ _n1 _p10.00 _q2 _r0 _sY _tBOOK _u2017-1-26 _xSALUD _PP22 _0COMPRA _o.STAFF. Colección General Juliaca |
||
| 980 |
_81 _gALBERTO SANCHEZ Responsable de Automatización |
||